Aquatic Chemical Kinetics : Reaction Rates of Processes in Natural Waters /

Сохранить в:
Библиографические подробности
Главный автор: Stumm, Werner (ed.)
Формат:
Язык:английский
Опубликовано: Nueva York, EUA : Wiley, 1990, c1990
Серии:(Environmental Science and Technology)
Предметы:
Метки: Добавить метку
Нет меток, Требуется 1-ая метка записи!

MARC

LEADER 00000nam^a2200000^a^4500
001 000041658
005 20250521000000.0
009 20260310085705.146
020 |a 0-471-51029-7 
037 |a Acervo ITESO - Biblioteca 
041 |a ING 
082 |a 551. 48  |b AQU 
100 |a Stumm, Werner  |e (ed.) 
245 1 0 |a Aquatic Chemical Kinetics :  |b Reaction Rates of Processes in Natural Waters /  |c Ed. de W. Stumm. 
264 4 |a Nueva York, EUA :  |b Wiley,  |c 1990, c1990 
300 |a 545 p. 
336 |a texto  |b txt  |2 rdacontenido 
337 |a sin mediación  |b n  |2 rdamedio 
338 |a volumen  |b nc  |2 rdasoporte 
440 1 |a (Environmental Science and Technology) 
649 |a XX 
650 |a Hidrología 
650 |a Agua 
650 |a Ingeniería Ambiental 
650 |a Ingeniería Sanitaria 
910 |a Fondo General 
920 |a Impresos - Libros 
930 |a Colección General 
905 |a 101 
901 |a 0416580200  |b IT1  |c ACC  |i 909629  |u 20250521 
902 |a https://opac.biblio.iteso.mx/vufind/Record/000041658